000 00864nam a2200313 a 4500
003 AR-BaBNM
005 20251128204821.0
008 082120s2002 ||||||||||||||000 | spa||
020 _a85859-79-9
040 _cAR-BaBNM
100 1 _aGómez Pin, Víctor
245 0 0 _aMarcel Proust
_bel ocio y el mal
260 _aBarcelona
_bMontesinos
_c1985
300 _a110 p.
_bil.
490 0 _aBiblioteca de divulgación filosófica
_vv. 3
500 _aContiene antología de textos de Marcel Proust en p. 56-107
650 4 _aTEORIA LITERARIA
650 4 _aCRITICA LITERARIA
650 4 _aANALISIS LITERARIO
650 4 _aANTOLOGIAS
650 4 _aFILOSOFIA LITERARIA
651 4 _aFrancia
653 _aNATURALISMO
653 _aNOVELA PSICOLOGICA
655 _aLITERATURA
800 1 _aAzúa, Felix de
_edirector
942 _cBK
998 _cMARTIN
999 _c8947
_d8947